Carregant...
THE EPISTEMOLOGY OF DVAITA VEDANTA
| Autor principal: | |
|---|---|
| Format: | Printed Book |
| Publicat: |
ADAYAR
THE ADAYAR LIBRARY AND RESEARCH CENTRE
1976
|
| Matèries: |
| LEADER | 00517nam a2200169 4500 | ||
|---|---|---|---|
| 020 | |||
| 082 | |a 181.484 3 NAG | ||
| 100 | |a NAGARAJA RAO P | ||
| 245 | |a THE EPISTEMOLOGY OF DVAITA VEDANTA |h English | ||
| 250 | |||
| 260 | |a ADAYAR |b THE ADAYAR LIBRARY AND RESEARCH CENTRE |c 1976 | ||
| 300 | |a 120 p |f HB | ||
| 650 | |a THE EPISTEMOLOGY OF DVAITA VEDANTA | ||
| 700 | |||
| 942 | |c TB | ||
| 999 | |c 149672 |d 149672 | ||
| 952 | |0 0 |1 0 |4 0 |6 181_484000000000000_3_NAG |7 0 |9 163132 |a ORI |b ORI |l 0 |o 181.484 3 NAG |p ORI1198 |r 2019-10-25 |w 2019-10-25 |y TB | ||